000 00730nam a2200205 i 4500
001 167874
003 ES-MaACL
005 20230906213620.0
008 050929s1859 fr |||| | fre d
040 _aCAM
_bspa
_cCAM
100 1 _aWeber, Albert.
_9133889
245 1 0 _aHistoire de la littérature indienne
_b: cours professé a l'université de Berlin /
_cpar Alfred Weber ; traduit de l'allemand par Alfred Sadous.
260 _aParis :
_bA. Durand,
_c1859 (
_eMeaux :
_fImp. A. Carro)
300 _aIX, 495 p. ;
_c22 cm.
650 4 _aLiteratura india-
_xHistoria y crítica.
_9162866
700 1 _aSadous, Alfred.
_9132267
700 1 _aDurand. A.
_9126885
752 _aFrancia -
_dParis
852 _aES-MaACL
_jB-12461
999 _c167874
_d167874